| 000 | 00373pab a2200145 454500 | ||
|---|---|---|---|
| 008 | 180718b2000 xxu||||| |||| 00| 0 eng d | ||
| 100 | _aPatel, Vikram | ||
| 245 | _aCulture and the mental health consequences of trauma | ||
| 260 | _c2000 | ||
| 300 | _ap.619-30 | ||
| 362 | _aOct | ||
| 650 | _aMental health | ||
| 773 | _aIndian Journal of Social Welfare | ||
| 909 | _a47266 | ||
| 999 |
_c47266 _d47266 |
||